Statistics for Least Corrupt Countries

Click here to take the quiz!

General Stats

  • This quiz has been taken 41 times
  • The average score is 11 of 12

Answer Stats

Index ScoreAnswer% Correct
85Norway
100%
90Denmark
98%
82Canada
95%
89Finland
95%
83Netherlands
95%
88Sweden
95%
81Luxembourg
90%
90New Zealand
88%
86Switzerland
88%
81UK
85%
81Germany
80%
84Singapore
61%

Score Distribution

Percentile by Number Answered

Percent of People with Each Score

Your Score History

You have not taken this quiz